|
|
|
|
| LEADER |
00000nam a22000007a 4500 |
| 005 |
20200608212933.0 |
| 007 |
cr|||| |||| |
| 008 |
200608s2020 co |||||s|||| 00||0 spa d |
| 020 |
|
|
|a 978-958-792-186-1
|
| 035 |
|
|
|a 31707
|
| 040 |
|
|
|a vLex
|
| 090 |
|
|
|c 10577
|d 10577
|
| 100 |
1 |
|
|a Angulo Guiza, Uriel Guillermo
|
| 245 |
1 |
0 |
|a Legislacin̤ laboral 2020
|h [Recurso electrn̤ico] :
|b Incluye TELETRABAJO y medidas frente al COVID 19 /
|c Uriel Guillermo Angulo Guiza, Diego Fernando Rivera Zr̀ate, Diana Marcela Rivera Přez
|
| 256 |
|
|
|a Servicio en ln̕ea
|
| 260 |
|
|
|a Bogot:̀
|b Ediciones de la U,
|c 2020
|
| 300 |
|
|
|a 1 recurso electrn̤ico
|
| 500 |
|
|
|a El texto Legislacin̤ Laboral: un enfoque prc̀tico busca colocar, al alcance de un pb︢lico no especialista en temas laborales, la informacin̤ fundamental de esta r̀ea que genera muchas dudas e inquietudes entre quienes permanentemente deben tomar decisiones sobre las relaciones legales que implica el ambiente de trabajo. Est ̀actualizado con las ms̀ recientes reformas laborales y va dirigido a todas las personas y empresarios que requieren estar informados y actualizados en este importante tema y aplicar la legislacin̤ laboral en su vida profesional en forma prc̀tica. Tambiň se dirige a los estudiantes de las carreras o facultades econm̤ico-administrativas, sociales, en salud e ingeniera̕s que requieren la parte ter̤ica de la legislacin̤ laboral, complementada con la prc̀tica, de forma bs̀ica, fc̀il y sencilla.
|
| 506 |
1 |
|
|a Disponible solo en los productos indicados
|d vLex Global
|d vLex Global (Academic Edition, excluding Law Schools)
|d vLex Global (U.S. Academic Edition, Law Schools)
|d vLex Global (U.S. Academic Edition, excluding Law Schools)
|d vLex Global (Academic Edition, Law Schools)
|
| 650 |
0 |
4 |
|a Derecho Laboral y Seguridad Social
|z Colombia
|
| 650 |
0 |
4 |
|a Contabilidad
|z Colombia
|
| 700 |
1 |
|
|a Rivera Zr̀ate, Diego Fernando
|
| 700 |
1 |
|
|a Rivera Přez, Diana Marcela
|
| 740 |
0 |
|
|a vLex Libros (Servicio en ln̕ea)
|
| 856 |
4 |
0 |
|u http://vlex.com/source/legislacion-laboral-2020-incluye-teletrabajo-y-medidas-frente-al-covid-19-31707
|z Acceso restringido
|
| 942 |
|
|
|c BOOK
|
| 999 |
0 |
|
|a Labor Law and Social Security
|
| 999 |
0 |
|
|a Accounting
|